00796nam a2200217Ia 450000100060000000800390000602000180004508200130006324500940007625000120017026000450018230000180022765300230024565300250026865300400029365300170033370000390035094200120038995201600040199900170056156557130521n2011 ii |||gr||||Z||||||346 a81-7293-304-5 a891.4409 0aAsutosh Mukhopadhyaya Rachanavali :bVol- V /cAsutosh Mukhopadhyaya .hTextual Documents aIst ed. aCalcuttabMitra & Ghosh publishersc2011 a404pg:c19cm. aBengali literature aBengali- Rachanavali aRachanavali - Asutosh Mukhopadhyaya aRef- Bengali aMukhopadhyaya , Asutosh ,eAuthor. 2ddccBK 001040708General aSKBLbSKBLcRef- Bengalid2013-05-21eBEf00000g200.00l0o891.4409 Mu 896 Asp3054/Bengr2024-01-14 00:00:00t1w2013-05-21yBKzBE c56479d56479